How psychotherapy works : process and technique

Αποθηκεύτηκε σε:
Λεπτομέρειες βιβλιογραφικής εγγραφής
Κύριος συγγραφέας: Weiss, Joseph W.
Μορφή: Βιβλίο
Γλώσσα:English
Δημοσίευση: New York : Guilford Press, 1993
Θέματα:
Ετικέτες: Προσθήκη ετικέτας
Δεν υπάρχουν, Καταχωρήστε ετικέτα πρώτοι!

MARC

LEADER 00000nam a2200000 i 4500
001 1/79933
008 980211s1993 eng d
020 |a 0-89862-548-3 
035 |a 1997  |b 3  |c Αγορά/Πολεμικός  |l 10033311 
040 |a GR-MY-UA  |b gre  |e aacr 
041 0 |a eng 
082 0 |a 616.8914 
100 1 |a Weiss, Joseph W. 
245 1 0 |a How psychotherapy works :  |b process and technique /  |c Joseph Weiss 
260 |a New York :   |b Guilford Press,   |c 1993 
300 |a 224 p. 
650 0 0 |a Psychotherapy. 
650 0 0 |a Psychotherapy  |x Methods. 
650 0 0 |a Psychoanalytic theory. 
852 |a INST  |b RHODES  |e 19980211  |h 616.8914 WEI  |p 005400011227  |q 005400011227  |t BK  |y 0 
901 |a BIBL-1998-1 
909 |a Ρ  |b 052645  |c 1997